| 000 | 00955nam a22002655a 4500 | ||
|---|---|---|---|
| 005 | 20201128024258.0 | ||
| 008 | 180314t2010 nyua frb 001 0 eng d | ||
| 020 | _a9780070184992 | ||
| 020 | _a0070184992 | ||
| 040 |
_aEG-ScBUE _beng _cEG-ScBUE _dEG-ScBUE |
||
| 082 | 0 | 4 |
_222 _a004 _bWIL |
| 100 | 1 |
_934526 _aWilliams, Brian K., _d1938- |
|
| 245 | 1 | 0 |
_aUsing information technology : _ba practical introduction to computers & communications / _cBrian K. Williams, Stacey C. Sawyer. |
| 250 | _a8th ed., McGraw-Hill international ed. | ||
| 260 |
_aNew York : _bMcGraw Hill Higher Education, _cc.2010. |
||
| 300 |
_axxiv, 563 p. : _bill. ; _c26 cm. |
||
| 504 | _aIncludes bibliographical references and index. | ||
| 650 | 7 |
_2BUEsh _95620 _aInformation technology. |
|
| 650 | 0 |
_91259 _aTelecommunication systems |
|
| 650 | 7 |
_91995 _aComputers. |
|
| 651 | _2BUEsh | ||
| 653 |
_bGGEN _bCOMSCI _cMarch2018 |
||
| 700 | 1 |
_aSawyer, Stacey C. _934528 |
|
| 942 | _2ddc | ||
| 999 |
_c26299 _d26271 |
||